000 00899nam a2200253Ia 4500
003 OSt
005 20220923223447.0
006 a|||||r|||| 00| 0
007 ta
008 220922b |||||||| |||| 00| 0 hin d
024 _a216,012
037 _cTextual
040 _aARTS
_cARTS
_bhin
041 _2hin
_ahin
082 _aO152,3NMA:g, N9
100 _aतिवारी, सियाराम, संपा.
245 0 _aआनन्दशंकर माधवन की सारस्वत साधना
246 _aĀnandashankar mādhavan kī sārasvat sādhanā
260 _aबिहार
_b अमरावती प्रकाशन
_c1999
300 _a309 पृ.
_ccm.
650 _aहिन्दी कहानी
942 _hO152,3NMA:g, N9
_cTEXL
_2CC
999 _c365456
_d365456